000 00343nas a2200157 a 4500
001 77425
003 152977
005 20201118111442.0
008 ||||||n9999 ||| || ||
245 0 _aTime - Vol.156 No.6
260 _aEstados Unidos :
562 _e1
773 _021966
_aTime
942 _cSISS
999 _c77425
_d77425